Département avec un nom sans deux lettres identiques - Statistiques

Statistiques générales
  • Ce quiz a été pris 143 fois
  • Le résultat moyen est 29 sur 33
Statistiques - réponses
Hint Réponse % Correct
Auvergne-Rhône-Alpes Loire
97%
Hauts-de-France Nord
97%
Ile-de-France Paris
95%
Auvergne-Rhône-Alpes Ain
94%
Grand Est Aube
94%
Occitanie Aude
94%
Bretagne Morbihan
94%
Hauts-de-France Oise
94%
Occitanie Tarn
93%
Hauts-de-France Aisne
91%
Nouvelle Aquitaine Gironde
91%
Occitanie Hérault
91%
Provence-Alpes-Côte-d'Azur Var
91%
Occitanie Gard
90%
Normandie Orne
89%
Centre-Val-de-Loire Cher
88%
Bourgogne-Franche-Comté Doubs
88%
Outre-Mer Guyane
88%
Bourgogne-Franche-Comté Jura
88%
Occitanie Gers
87%
Grand Est Marne
87%
Auvergne-Rhône-Alpes Rhône
87%
Auvergne-Rhône-Alpes Savoie
87%
Centre-Val-de-Loire Indre
86%
Centre-Val-de-Loire Loiret
85%
Occitanie Lot
85%
Normandie Manche
84%
Auvergne-Rhône-Alpes Drôme
83%
Nouvelle Aquitaine Landes
83%
Grand Est Bas-Rhin
81%
Ile-de-France Val d'Oise
79%
Occitanie Aveyron
77%
Pays-de-la-Loire Sarthe
76%
Aucun quiz correspondant
Distribution des résultats
% des personnes avec chaque résultat
Percentile par nombre de réponses
Votre historique - résultats
Vous n’avez pas pris ce quiz